[Event "DEM U14 2024"]
[Site "Willingen GER"]
[Date "2024.05.20"]
[Round "3"]
[White "Schwitkowski, Luka"]
[Black "Martemyanov, Mikhail"]
[Result "1-0"]
[Termination "normal"]
[Board "16"]
[WhiteElo "2028"]
[BlackElo "1720"]
[WhiteClock "00:12:16"]
[BlackClock "00:00:48"]
[PlyCount "79"]
[WhiteFideId "34610669"]
[BlackFideId "34303774"]
[EventCountry "GER"]
[EventRounds "9"]
[EventType "swiss"]
[EventDate "2024.05.18"]

1. e4 {[%clk 01:30:57]} {[%emt 00:00:02]} c5 {[%clk 01:30:54]} {[%emt
00:00:06]} 2. Nf3 {[%clk 01:31:17]} {[%emt 00:00:09]} e6 {[%clk 01:31:17]}
{[%emt 00:00:08]} 3. g3 {[%clk 01:31:34]} {[%emt 00:00:13]} Nc6 {[%clk
01:31:23]} {[%emt 00:00:24]} 4. Bg2 {[%clk 01:31:33]} {[%emt 00:00:31]} Nf6
{[%clk 01:31:44]} {[%emt 00:00:08]} 5. Qe2 {[%clk 01:30:20]} {[%emt 00:01:43]}
e5 {[%clk 01:32:00]} {[%emt 00:00:14]} 6. O-O {[%clk 01:30:39]} {[%emt
00:00:10]} Be7 {[%clk 01:32:06]} {[%emt 00:00:25]} 7. Na3 {[%clk 01:31:04]}
{[%emt 00:00:06]} O-O {[%clk 01:28:57]} {[%emt 00:03:39]} 8. d3 {[%clk
01:31:01]} {[%emt 00:00:33]} Re8 {[%clk 01:26:06]} {[%emt 00:03:21]} 9. Nc4
{[%clk 01:31:23]} {[%emt 00:00:08]} d6 {[%clk 01:20:47]} {[%emt 00:05:49]} 10.
Ne3 {[%clk 01:26:39]} {[%emt 00:05:14]} Bf8 {[%clk 01:07:47]} {[%emt 00:13:30]}
11. Nd2 {[%clk 01:21:12]} {[%emt 00:05:57]} h5 {[%clk 00:58:23]} {[%emt
00:09:54]} 12. c3 {[%clk 01:10:23]} {[%emt 00:11:19]} Ne7 {[%clk 00:41:10]}
{[%emt 00:17:43]} 13. h4 {[%clk 00:53:44]} {[%emt 00:17:08]} Be6 {[%clk
00:36:37]} {[%emt 00:05:04]} 14. f4 {[%clk 00:41:23]} {[%emt 00:12:50]} exf4
{[%clk 00:32:17]} {[%emt 00:04:51]} 15. gxf4 {[%clk 00:40:35]} {[%emt
00:01:18]} Bg4 {[%clk 00:25:05]} {[%emt 00:07:42]} 16. Qf2 {[%clk 00:40:55]}
{[%emt 00:00:08]} Ng6 {[%clk 00:22:46]} {[%emt 00:02:51]} 17. d4 {[%clk
00:31:17]} {[%emt 00:10:08]} Be7 {[%clk 00:15:28]} {[%emt 00:07:48]} 18. f5
{[%clk 00:25:07]} {[%emt 00:06:40]} Nf8 {[%clk 00:11:01]} {[%emt 00:04:57]} 19.
Nb3 {[%clk 00:19:02]} {[%emt 00:06:35]} Qc7 {[%clk 00:07:54]} {[%emt 00:03:37]}
20. dxc5 {[%clk 00:16:21]} {[%emt 00:03:11]} dxc5 {[%clk 00:08:11]} {[%emt
00:00:13]} 21. Nc4 {[%clk 00:16:35]} {[%emt 00:00:16]} b5 {[%clk 00:07:24]}
{[%emt 00:01:17]} 22. Bf4 {[%clk 00:16:16]} {[%emt 00:00:48]} Qd8 {[%clk
00:06:42]} {[%emt 00:01:13]} 23. Ne3 {[%clk 00:12:05]} {[%emt 00:04:40]} N6d7
{[%clk 00:02:39]} {[%emt 00:04:33]} 24. Nxg4 {[%clk 00:11:37]} {[%emt
00:00:58]} Bxh4 {[%clk 00:02:24]} {[%emt 00:00:46]} 25. Nh6+ {[%clk 00:11:43]}
{[%emt 00:00:23]} gxh6 {[%clk 00:02:20]} {[%emt 00:00:35]} 26. Qf3 {[%clk
00:11:56]} {[%emt 00:00:16]} Nf6 {[%clk 00:01:18]} {[%emt 00:01:32]} 27. e5
{[%clk 00:12:11]} {[%emt 00:00:15]} Ng4 {[%clk 00:00:34]} {[%emt 00:01:15]} 28.
Qxa8 {[%clk 00:12:21]} {[%emt 00:00:20]} Qxa8 {[%clk 00:00:31]} {[%emt
00:00:34]} 29. Bxa8 {[%clk 00:12:48]} {[%emt 00:00:02]} Rxa8 {[%clk 00:00:43]}
{[%emt 00:00:18]} 30. Nxc5 {[%clk 00:12:56]} {[%emt 00:00:22]} Re8 {[%clk
00:00:33]} {[%emt 00:00:41]} 31. Nd3 {[%clk 00:10:52]} {[%emt 00:02:32]} Nd7
{[%clk 00:00:32]} {[%emt 00:00:31]} 32. a4 {[%clk 00:09:58]} {[%emt 00:01:24]}
bxa4 {[%clk 00:00:32]} {[%emt 00:00:31]} 33. Rxa4 {[%clk 00:10:19]} {[%emt
00:00:08]} Ndxe5 {[%clk 00:00:32]} {[%emt 00:00:30]} 34. Nxe5 {[%clk 00:10:34]}
{[%emt 00:00:15]} f6 {[%clk 00:00:31]} {[%emt 00:00:32]} 35. Nxg4 {[%clk
00:10:57]} {[%emt 00:00:07]} hxg4 {[%clk 00:00:52]} {[%emt 00:00:08]} 36. Rxa7
{[%clk 00:11:08]} {[%emt 00:00:19]} Re2 {[%clk 00:00:34]} {[%emt 00:00:49]} 37.
Ra8+ {[%clk 00:11:27]} {[%emt 00:00:10]} Kf7 {[%clk 00:00:39]} {[%emt
00:00:25]} 38. Rfa1 {[%clk 00:11:52]} {[%emt 00:00:05]} Bf2+ {[%clk 00:00:37]}
{[%emt 00:00:33]} 39. Kf1 {[%clk 00:11:55]} {[%emt 00:00:26]} Rxb2 {[%clk
00:00:48]} {[%emt 00:00:20]} 40. R8a2 {[%clk 00:12:16]} {[%emt 00:00:09]} 1-0

[Event "DEM U14 2024"]
[Site "Willingen GER"]
[Date "2024.05.20"]
[Round "3"]
[White "Skembris, Simon Max"]
[Black "Stephanblome, Felix"]
[Result "1-0"]
[Termination "normal"]
[Board "17"]
[WhiteElo "2009"]
[BlackElo "1869"]
[WhiteClock "00:16:51"]
[BlackClock "00:16:41"]
[PlyCount "83"]
[WhiteFideId "16281381"]
[BlackFideId "34661026"]
[EventCountry "GER"]
[EventRounds "9"]
[EventType "swiss"]
[EventDate "2024.05.18"]

1. e4 {[%clk 01:30:58]} {[%emt 00:00:02]} e5 {[%clk 01:30:55]} {[%emt
00:00:06]} 2. Nf3 {[%clk 01:31:18]} {[%emt 00:00:10]} Nc6 {[%clk 01:31:20]}
{[%emt 00:00:05]} 3. Bc4 {[%clk 01:31:32]} {[%emt 00:00:16]} Bc5 {[%clk
01:31:43]} {[%emt 00:00:06]} 4. c3 {[%clk 01:31:33]} {[%emt 00:00:29]} Nf6
{[%clk 01:32:07]} {[%emt 00:00:06]} 5. d3 {[%clk 01:31:58]} {[%emt 00:00:06]}
d6 {[%clk 01:32:06]} {[%emt 00:00:31]} 6. Bb3 {[%clk 01:31:28]} {[%emt
00:01:00]} Bb6 {[%clk 01:29:51]} {[%emt 00:02:45]} 7. Nbd2 {[%clk 01:29:27]}
{[%emt 00:02:31]} O-O {[%clk 01:29:06]} {[%emt 00:01:15]} 8. Nc4 {[%clk
01:27:57]} {[%emt 00:02:00]} Ne7 {[%clk 01:27:53]} {[%emt 00:01:42]} 9. Nxb6
{[%clk 01:27:29]} {[%emt 00:00:59]} axb6 {[%clk 01:27:59]} {[%emt 00:00:24]}
10. h3 {[%clk 01:26:22]} {[%emt 00:01:37]} Ng6 {[%clk 01:27:05]} {[%emt
00:01:24]} 11. O-O {[%clk 01:24:27]} {[%emt 00:02:25]} Qe7 {[%clk 01:23:59]}
{[%emt 00:03:36]} 12. Re1 {[%clk 01:22:24]} {[%emt 00:02:33]} h6 {[%clk
01:23:12]} {[%emt 00:01:17]} 13. d4 {[%clk 01:18:07]} {[%emt 00:04:47]} Rd8
{[%clk 01:18:11]} {[%emt 00:05:31]} 14. Qe2 {[%clk 01:15:15]} {[%emt 00:03:21]}
Nh5 {[%clk 01:12:50]} {[%emt 00:05:51]} 15. Nh2 {[%clk 00:56:41]} {[%emt
00:19:05]} Nhf4 {[%clk 01:10:48]} {[%emt 00:02:31]} 16. Bxf4 {[%clk 00:53:38]}
{[%emt 00:03:34]} Nxf4 {[%clk 01:10:42]} {[%emt 00:00:35]} 17. Qf3 {[%clk
00:53:26]} {[%emt 00:00:43]} Be6 {[%clk 01:03:25]} {[%emt 00:07:47]} 18. Ng4
{[%clk 00:49:25]} {[%emt 00:04:31]} Bxb3 {[%clk 00:59:37]} {[%emt 00:04:17]}
19. axb3 {[%clk 00:49:31]} {[%emt 00:00:25]} c5 {[%clk 00:59:34]} {[%emt
00:00:32]} 20. Ne3 {[%clk 00:46:35]} {[%emt 00:03:26]} Qf6 {[%clk 00:54:27]}
{[%emt 00:05:35]} 21. Kh2 {[%clk 00:42:05]} {[%emt 00:05:02]} cxd4 {[%clk
00:48:54]} {[%emt 00:06:04]} 22. cxd4 {[%clk 00:39:23]} {[%emt 00:03:12]} Qe6
{[%clk 00:45:32]} {[%emt 00:03:50]} 23. d5 {[%clk 00:35:41]} {[%emt 00:04:14]}
Qd7 {[%clk 00:43:29]} {[%emt 00:02:33]} 24. Nc4 {[%clk 00:34:31]} {[%emt
00:01:40]} Rxa1 {[%clk 00:39:46]} {[%emt 00:04:13]} 25. Rxa1 {[%clk 00:34:47]}
{[%emt 00:00:14]} b5 {[%clk 00:39:44]} {[%emt 00:00:31]} 26. Ne3 {[%clk
00:34:00]} {[%emt 00:01:18]} g6 {[%clk 00:38:21]} {[%emt 00:01:52]} 27. Ng4
{[%clk 00:32:52]} {[%emt 00:01:38]} Kg7 {[%clk 00:38:22]} {[%emt 00:00:28]} 28.
g3 {[%clk 00:31:52]} {[%emt 00:01:31]} h5 {[%clk 00:35:57]} {[%emt 00:02:54]}
29. gxf4 {[%clk 00:30:26]} {[%emt 00:01:57]} hxg4 {[%clk 00:36:18]} {[%emt
00:00:09]} 30. hxg4 {[%clk 00:28:37]} {[%emt 00:02:19]} exf4 {[%clk 00:36:36]}
{[%emt 00:00:13]} 31. Qxf4 {[%clk 00:27:24]} {[%emt 00:01:43]} Rh8+ {[%clk
00:34:44]} {[%emt 00:02:21]} 32. Kg2 {[%clk 00:26:48]} {[%emt 00:01:05]} Qe7
{[%clk 00:28:23]} {[%emt 00:06:52]} 33. Rh1 {[%clk 00:26:31]} {[%emt 00:00:47]}
Rxh1 {[%clk 00:28:44]} {[%emt 00:00:09]} 34. Kxh1 {[%clk 00:26:56]} {[%emt
00:00:06]} Qf6 {[%clk 00:29:02]} {[%emt 00:00:12]} 35. Qxf6+ {[%clk 00:24:28]}
{[%emt 00:02:58]} Kxf6 {[%clk 00:29:27]} {[%emt 00:00:05]} 36. Kg2 {[%clk
00:19:19]} {[%emt 00:05:38]} Ke5 {[%clk 00:29:11]} {[%emt 00:00:46]} 37. Kf3
{[%clk 00:19:07]} {[%emt 00:00:43]} g5 {[%clk 00:21:06]} {[%emt 00:08:35]} 38.
Ke3 {[%clk 00:18:58]} {[%emt 00:00:39]} b4 {[%clk 00:19:11]} {[%emt 00:02:23]}
39. f3 {[%clk 00:17:17]} {[%emt 00:02:12]} f6 {[%clk 00:17:49]} {[%emt
00:01:52]} 40. Ke2 {[%clk 00:16:57]} {[%emt 00:00:51]} b5 {[%clk 00:16:37]}
{[%emt 00:01:41]} 41. Ke3 {[%clk 00:16:48]} {[%emt 00:00:40]} f5 {[%clk
00:16:41]} {[%emt 00:00:25]} 42. gxf5 {[%clk 00:16:51]} {[%emt 00:00:27]} 1-0

[Event "DEM U14 2024"]
[Site "Willingen GER"]
[Date "2024.05.20"]
[Round "3"]
[White "Lu, Yunong Elias"]
[Black "Dodul, Arthur"]
[Result "1-0"]
[Termination "normal"]
[Board "18"]
[WhiteElo "1990"]
[BlackElo "1789"]
[WhiteClock "00:30:32"]
[BlackClock "00:18:57"]
[PlyCount "61"]
[WhiteFideId "16276426"]
[BlackFideId "34609016"]
[EventCountry "GER"]
[EventRounds "9"]
[EventType "swiss"]
[EventDate "2024.05.18"]

1. e4 {[%clk 01:30:55]} {[%emt 00:00:04]} e5 {[%clk 01:30:56]} {[%emt
00:00:05]} 2. Nf3 {[%clk 01:31:18]} {[%emt 00:00:07]} Nc6 {[%clk 01:31:22]}
{[%emt 00:00:04]} 3. Bc4 {[%clk 01:31:43]} {[%emt 00:00:05]} Nf6 {[%clk
01:31:05]} {[%emt 00:00:47]} 4. d3 {[%clk 01:32:08]} {[%emt 00:00:05]} h6
{[%clk 01:31:17]} {[%emt 00:00:17]} 5. O-O {[%clk 01:32:25]} {[%emt 00:00:12]}
d6 {[%clk 01:31:33]} {[%emt 00:00:15]} 6. c3 {[%clk 01:32:48]} {[%emt
00:00:07]} g6 {[%clk 01:31:56]} {[%emt 00:00:07]} 7. Re1 {[%clk 01:32:08]}
{[%emt 00:01:10]} Bg7 {[%clk 01:31:42]} {[%emt 00:00:45]} 8. Nbd2 {[%clk
01:32:21]} {[%emt 00:00:17]} O-O {[%clk 01:31:36]} {[%emt 00:00:35]} 9. h3
{[%clk 01:32:48]} {[%emt 00:00:04]} Bd7 {[%clk 01:30:56]} {[%emt 00:01:09]} 10.
a4 {[%clk 01:31:59]} {[%emt 00:01:19]} Qe7 {[%clk 01:26:52]} {[%emt 00:04:33]}
11. Nf1 {[%clk 01:29:27]} {[%emt 00:03:03]} Be6 {[%clk 01:20:18]} {[%emt
00:07:04]} 12. Bxe6 {[%clk 01:26:24]} {[%emt 00:03:34]} Qxe6 {[%clk 01:20:37]}
{[%emt 00:00:09]} 13. Ng3 {[%clk 01:14:29]} {[%emt 00:12:25]} Rfd8 {[%clk
01:13:49]} {[%emt 00:07:18]} 14. Qc2 {[%clk 01:09:53]} {[%emt 00:05:07]} b6
{[%clk 00:51:38]} {[%emt 00:22:41]} 15. b4 {[%clk 01:06:36]} {[%emt 00:03:48]}
a6 {[%clk 00:49:29]} {[%emt 00:02:37]} 16. Bd2 {[%clk 01:05:22]} {[%emt
00:01:44]} Ne7 {[%clk 00:39:10]} {[%emt 00:10:50]} 17. c4 {[%clk 01:01:50]}
{[%emt 00:04:02]} c6 {[%clk 00:35:02]} {[%emt 00:04:39]} 18. Qb2 {[%clk
00:55:10]} {[%emt 00:07:09]} b5 {[%clk 00:33:01]} {[%emt 00:02:32]} 19. cxb5
{[%clk 00:54:43]} {[%emt 00:00:56]} cxb5 {[%clk 00:32:50]} {[%emt 00:00:41]}
20. axb5 {[%clk 00:55:08]} {[%emt 00:00:05]} axb5 {[%clk 00:33:15]} {[%emt
00:00:06]} 21. Ra5 {[%clk 00:55:28]} {[%emt 00:00:09]} Qd7 {[%clk 00:32:36]}
{[%emt 00:01:09]} 22. Rea1 {[%clk 00:55:09]} {[%emt 00:00:49]} Qb7 {[%clk
00:32:24]} {[%emt 00:00:42]} 23. Qa3 {[%clk 00:50:23]} {[%emt 00:05:16]} Rxa5
{[%clk 00:32:24]} {[%emt 00:00:30]} 24. bxa5 {[%clk 00:50:45]} {[%emt
00:00:08]} Qa6 {[%clk 00:31:34]} {[%emt 00:01:20]} 25. Nxe5 {[%clk 00:38:31]}
{[%emt 00:12:44]} dxe5 {[%clk 00:26:52]} {[%emt 00:05:13]} 26. Qxe7 {[%clk
00:38:13]} {[%emt 00:00:47]} Rxd3 {[%clk 00:27:00]} {[%emt 00:00:22]} 27. Bb4
{[%clk 00:38:33]} {[%emt 00:00:10]} Rd4 {[%clk 00:25:13]} {[%emt 00:02:16]} 28.
Rb1 {[%clk 00:31:47]} {[%emt 00:07:16]} Qc6 {[%clk 00:20:51]} {[%emt 00:04:53]}
29. Qc5 {[%clk 00:31:13]} {[%emt 00:01:04]} Qb7 {[%clk 00:19:38]} {[%emt
00:01:43]} 30. Bc3 {[%clk 00:30:04]} {[%emt 00:01:38]} Rc4 {[%clk 00:18:57]}
{[%emt 00:01:11]} 31. Qxc4 {[%clk 00:30:32]} {[%emt 00:00:03]} 1-0

[Event "DEM U14 2024"]
[Site "Willingen GER"]
[Date "2024.05.20"]
[Round "3"]
[White "Aniol, Nico"]
[Black "Hellenbroich, Hanno"]
[Result "1/2-1/2"]
[Termination "normal"]
[Board "19"]
[WhiteElo "1860"]
[BlackElo "1739"]
[WhiteClock "01:20:40"]
[BlackClock "00:59:01"]
[PlyCount "41"]
[WhiteFideId "16287096"]
[BlackFideId "16270762"]
[EventCountry "GER"]
[EventRounds "9"]
[EventType "swiss"]
[EventDate "2024.05.18"]

1. Nf3 {[%clk 01:30:58]} {[%emt 00:00:02]} c5 {[%clk 01:30:03]} {[%emt
00:00:58]} 2. c4 {[%clk 01:30:47]} {[%emt 00:00:41]} Nc6 {[%clk 01:30:23]}
{[%emt 00:00:09]} 3. b3 {[%clk 01:30:29]} {[%emt 00:00:48]} d6 {[%clk
01:30:11]} {[%emt 00:00:42]} 4. d4 {[%clk 01:29:56]} {[%emt 00:01:03]} g6
{[%clk 01:27:20]} {[%emt 00:03:21]} 5. Bb2 {[%clk 01:30:15]} {[%emt 00:00:12]}
Bg7 {[%clk 01:27:25]} {[%emt 00:00:24]} 6. Qd2 {[%clk 01:27:07]} {[%emt
00:03:38]} cxd4 {[%clk 01:27:22]} {[%emt 00:00:33]} 7. Nxd4 {[%clk 01:27:18]}
{[%emt 00:00:19]} Nxd4 {[%clk 01:27:08]} {[%emt 00:00:44]} 8. Bxd4 {[%clk
01:27:46]} {[%emt 00:00:03]} Nf6 {[%clk 01:27:19]} {[%emt 00:00:19]} 9. g3
{[%clk 01:24:12]} {[%emt 00:04:03]} Ne4 {[%clk 01:18:24]} {[%emt 00:09:25]} 10.
Qd3 {[%clk 01:19:08]} {[%emt 00:05:34]} Qa5+ {[%clk 01:18:45]} {[%emt
00:00:10]} 11. Nd2 {[%clk 01:19:35]} {[%emt 00:00:03]} Nxd2 {[%clk 01:15:49]}
{[%emt 00:03:25]} 12. Bxg7 {[%clk 01:20:00]} {[%emt 00:00:05]} Ne4+ {[%clk
01:16:11]} {[%emt 00:00:08]} 13. Bc3 {[%clk 01:20:28]} {[%emt 00:00:03]} Qxc3+
{[%clk 01:15:38]} {[%emt 00:01:03]} 14. Qxc3 {[%clk 01:20:54]} {[%emt
00:00:04]} Nxc3 {[%clk 01:15:47]} {[%emt 00:00:20]} 15. f3 {[%clk 01:21:23]}
{[%emt 00:00:02]} b5 {[%clk 01:15:22]} {[%emt 00:00:55]} 16. Kd2 {[%clk
01:21:39]} {[%emt 00:00:14]} bxc4 {[%clk 00:59:42]} {[%emt 00:16:09]} 17. Kxc3
{[%clk 01:22:04]} {[%emt 00:00:05]} cxb3 {[%clk 01:00:02]} {[%emt 00:00:10]}
18. axb3 {[%clk 01:22:30]} {[%emt 00:00:04]} Be6 {[%clk 01:00:14]} {[%emt
00:00:18]} 19. e4 {[%clk 01:21:04]} {[%emt 00:01:56]} O-O {[%clk 00:59:50]}
{[%emt 00:00:54]} 20. Bc4 {[%clk 01:20:16]} {[%emt 00:01:17]} Rfc8 {[%clk
00:59:01]} {[%emt 00:01:19]} 21. Kd4 {[%clk 01:20:40]} {[%emt 00:00:06]}
1/2-1/2

[Event "DEM U14 2024"]
[Site "Willingen GER"]
[Date "2024.05.20"]
[Round "3"]
[White "Pimenov, Danil"]
[Black "Kaplan, Arne"]
[Result "1-0"]
[Termination "normal"]
[Board "20"]
[WhiteElo "1863"]
[BlackElo "1756"]
[WhiteClock "00:48:34"]
[BlackClock "00:14:44"]
[PlyCount "71"]
[WhiteFideId "34600248"]
[BlackFideId "34625194"]
[EventCountry "GER"]
[EventRounds "9"]
[EventType "swiss"]
[EventDate "2024.05.18"]

1. e4 {[%clk 01:30:56]} {[%emt 00:00:03]} c6 {[%clk 01:30:52]} {[%emt
00:00:08]} 2. d4 {[%clk 01:31:22]} {[%emt 00:00:05]} d5 {[%clk 01:31:15]}
{[%emt 00:00:06]} 3. exd5 {[%clk 01:31:48]} {[%emt 00:00:05]} cxd5 {[%clk
01:31:39]} {[%emt 00:00:06]} 4. Bd3 {[%clk 01:32:13]} {[%emt 00:00:04]} Nc6
{[%clk 01:32:02]} {[%emt 00:00:07]} 5. c3 {[%clk 01:32:40]} {[%emt 00:00:03]}
Nf6 {[%clk 01:32:25]} {[%emt 00:00:07]} 6. h3 {[%clk 01:33:06]} {[%emt
00:00:05]} Qc7 {[%clk 01:32:47]} {[%emt 00:00:07]} 7. Nf3 {[%clk 01:33:14]}
{[%emt 00:00:22]} g6 {[%clk 01:33:08]} {[%emt 00:00:09]} 8. O-O {[%clk
01:33:38]} {[%emt 00:00:06]} Bg7 {[%clk 01:33:32]} {[%emt 00:00:06]} 9. Qe2
{[%clk 01:32:31]} {[%emt 00:01:37]} O-O {[%clk 01:28:50]} {[%emt 00:05:12]} 10.
Re1 {[%clk 01:31:56]} {[%emt 00:01:05]} a6 {[%clk 01:23:32]} {[%emt 00:05:48]}
11. Nbd2 {[%clk 01:31:00]} {[%emt 00:01:26]} Nd7 {[%clk 01:22:11]} {[%emt
00:01:52]} 12. Nb3 {[%clk 01:30:19]} {[%emt 00:01:10]} e5 {[%clk 01:15:56]}
{[%emt 00:06:45]} 13. dxe5 {[%clk 01:29:54]} {[%emt 00:00:56]} Ndxe5 {[%clk
01:16:14]} {[%emt 00:00:12]} 14. Be3 {[%clk 01:27:07]} {[%emt 00:03:17]} Nxf3+
{[%clk 01:09:38]} {[%emt 00:07:05]} 15. Qxf3 {[%clk 01:27:27]} {[%emt
00:00:10]} Be6 {[%clk 01:09:40]} {[%emt 00:00:27]} 16. Rad1 {[%clk 01:24:35]}
{[%emt 00:03:23]} Na5 {[%clk 01:04:17]} {[%emt 00:05:52]} 17. Bd4 {[%clk
01:20:40]} {[%emt 00:04:26]} Nxb3 {[%clk 01:02:12]} {[%emt 00:02:36]} 18. Bxg7
{[%clk 01:20:53]} {[%emt 00:00:17]} Kxg7 {[%clk 01:02:35]} {[%emt 00:00:06]}
19. axb3 {[%clk 01:21:07]} {[%emt 00:00:17]} Qb6 {[%clk 01:01:13]} {[%emt
00:01:51]} 20. Bc2 {[%clk 01:21:17]} {[%emt 00:00:20]} a5 {[%clk 00:54:05]}
{[%emt 00:07:38]} 21. Rd4 {[%clk 01:19:21]} {[%emt 00:02:26]} a4 {[%clk
00:54:02]} {[%emt 00:00:34]} 22. Rb4 {[%clk 01:19:30]} {[%emt 00:00:21]} Qc7
{[%clk 00:47:42]} {[%emt 00:06:48]} 23. bxa4 {[%clk 01:19:17]} {[%emt
00:00:44]} Ra5 {[%clk 00:47:23]} {[%emt 00:00:48]} 24. Rf4 {[%clk 01:18:20]}
{[%emt 00:01:27]} Rfa8 {[%clk 00:43:34]} {[%emt 00:04:20]} 25. b4 {[%clk
01:16:35]} {[%emt 00:02:15]} R5a7 {[%clk 00:42:12]} {[%emt 00:01:52]} 26. Bb3
{[%clk 01:16:16]} {[%emt 00:00:49]} Rc8 {[%clk 00:35:12]} {[%emt 00:07:29]} 27.
Re3 {[%clk 01:16:14]} {[%emt 00:00:33]} Qd6 {[%clk 00:32:29]} {[%emt 00:03:12]}
28. Rd4 {[%clk 01:12:03]} {[%emt 00:04:42]} Rd8 {[%clk 00:28:23]} {[%emt
00:04:36]} 29. Red3 {[%clk 01:10:57]} {[%emt 00:01:36]} Qe5 {[%clk 00:28:37]}
{[%emt 00:00:16]} 30. Re3 {[%clk 01:05:54]} {[%emt 00:05:33]} Qd6 {[%clk
00:28:39]} {[%emt 00:00:28]} 31. g4 {[%clk 01:01:59]} {[%emt 00:04:25]} b6
{[%clk 00:26:04]} {[%emt 00:03:05]} 32. g5 {[%clk 00:58:37]} {[%emt 00:03:51]}
Qe7 {[%clk 00:20:52]} {[%emt 00:05:42]} 33. h4 {[%clk 00:58:55]} {[%emt
00:00:12]} Rad7 {[%clk 00:17:11]} {[%emt 00:04:10]} 34. Qf4 {[%clk 00:49:16]}
{[%emt 00:10:10]} Qd6 {[%clk 00:14:52]} {[%emt 00:02:49]} 35. Qf6+ {[%clk
00:48:34]} {[%emt 00:01:13]} Kg8 {[%clk 00:14:44]} {[%emt 00:00:37]} 36. c4
{[%emt 00:10:23]} 1-0